Mapa Azji Quiz - Statystyki

Ogólne statystyki
  • Ten quiz został rozwiązany 2 140 razy
  • Średni wynik to 25 z 48
Odpowiedzi na mapie
Odpowiedzi zakodowano w zielono-czerwonej skali na mapie do tego quizu, zgodnie z poniższymi procentami.
 
Statystyki odpowiedzi
Odpowiedź % Poprawnych
Chiny
91%
Japonia
85%
Korea Południowa
81%
Korea Północna
80%
Mongolia
79%
Indie
73%
Indonezja
72%
Filipiny
66%
Arabia Saudyjska
64%
Turcja
62%
Tajwan
61%
Sri Lanka
60%
Oman
58%
Irak
55%
Kazachstan
55%
Wietnam
55%
Cypr
54%
Malediwy
54%
Malezja
54%
Nepal
53%
Iran
52%
Pakistan
52%
Tajlandia
52%
Timor Wschodni
51%
Jemen
50%
Laos
48%
Singapur
48%
Zjednoczone Emiraty Arabskie
48%
Afganistan
47%
Izrael
47%
Bangladesz
46%
Mjanma
46%
Gruzja
45%
Kambodża
45%
Armenia
43%
Bhutan
43%
Katar
43%
Syria
40%
Azerbajdżan
39%
Brunei
39%
Jordania
39%
Kuweit
36%
Kirgistan
35%
Uzbekistan
35%
Bahrajn
33%
Liban
33%
Tadżykistan
31%
Turkmenistan
30%
Nie znaleziono quizów pasujących do podanych kryteriów
Rozkład punktacji
Procent ludzi z każdym wynikiem
Percentyl według liczby udzielonych odpowiedzi
Twoja historia wyników
Nie rozwiązałeś tego quizu